[Event "DEM U10 2012"]
[Site "Oberhof GER"]
[Date "2012.06.01"]
[Round "10"]
[White "Schmidtmann, Samantha"]
[Black "Petrow, Jonas"]
[Result "0-1"]
[Termination "normal"]
[Board "34"]
[WhiteElo "1109"]
[BlackElo "1067"]
[PlyCount "110"]
[WhiteFideId "12956759"]
[BlackFideId "12991805"]
[EventCountry "GER"]
[EventRounds "11"]
[EventType "swiss"]
[EventDate "2012.05.26"]

1. e4 c5 2. c4 Nc6 3. Nc3 d6 4. g3 g6 5. Bg2 Nf6 6. d3 Bg7 7. Nge2 O-O 8. O-O
Bg4 9. f3 Be6 10. h3 Qd7 11. Kh2 a6 12. a4 Rab8 13. Be3 Nb4 14. Qd2 Qc7 15. f4
Bd7 16. b3 b5 17. axb5 axb5 18. g4 Rb6 19. f5 Qc8 20. Bh6 Na6 21. Ng3 b4 22.
Nce2 Rd8 23. Qg5 Ne8 24. Rac1 Bf6 25. Qf4 Be5 26. Qe3 Bc6 27. Qg5 Bf6 28. Qe3
Nb8 29. Bg5 Nd7 30. Rf3 Ne5 31. Rf2 Qc7 32. Bxf6 Nxf6 33. g5 Nfg4+ 34. hxg4
Nxg4+ 35. Kh3 Nxe3 36. Bf3 gxf5 37. Nxf5 Nxf5 38. exf5 Bxf3 39. Rxf3 Qc6 40.
Rcf1 d5 41. Rg3 Kf8 42. Rfg1 Ke8 43. Nf4 Rd6 44. Kh2 d4 45. Nh3 h5 46. gxh6
Rxh6 47. R1g2 Qd6 48. Kg1 Ra6 49. Kf2 Ra2+ 50. Kf3 Rxg2 51. Kxg2 Qe5 52. Rf3
Rf6 53. Rg3 Qe2+ 54. Kh1 Qf1+ 55. Rg1 Qxh3# 0-1

[Event "DEM U10 2012"]
[Site "Oberhof GER"]
[Date "2012.06.01"]
[Round "10"]
[White "Gauchel, Verena"]
[Black "Ewerhardy, Moritz"]
[Result "1-0"]
[Termination "normal"]
[Board "35"]
[WhiteElo "911"]
[BlackElo "832"]
[PlyCount "115"]
[WhiteFideId "12988537"]
[BlackFideId "36052086"]
[EventCountry "GER"]
[EventRounds "11"]
[EventType "swiss"]
[EventDate "2012.05.26"]

1. d4 d5 2. Nf3 Nf6 3. c4 e6 4. cxd5 exd5 5. Bg5 Be7 6. Nc3 O-O 7. e3 c6 8. Bd3
Bg4 9. Qb3 Qd7 10. Ne5 Qc7 11. Bxf6 Bxf6 12. Nxg4 Be7 13. Rc1 f6 14. Nxd5 Qa5+
15. Qc3 Qxc3+ 16. Nxc3 h5 17. Bc4+ Kh8 18. Nxf6 Bxf6 19. d5 Rd8 20. e4 Bg5 21.
Rd1 Rf8 22. O-O Re8 23. Rfe1 b5 24. Bd3 a6 25. e5 b4 26. Na4 cxd5 27. Nb6 Ra7
28. Nxd5 Nc6 29. e6 Kg8 30. Bg6 Rb8 31. Bxh5 Rbb7 32. g3 a5 33. Re2 a4 34. Rde1
Be7 35. Nxe7+ Nxe7 36. f4 Kh7 37. Bf3 Rc7 38. g4 g6 39. f5 gxf5 40. gxf5 Nxf5
41. Be4 Rg7+ 42. Kf2 Rae7 43. Bxf5+ Kg8 44. Rg1 Kf8 45. Rxg7 Kxg7 46. Kf3 Kf6
47. Kf4 Kg7 48. Rg2+ Kh8 49. Ke5 b3 50. a3 Rd7 51. Kf6 Rf7+ 52. Ke5 Rd7 53.
Rg8+ Kxg8 54. exd7 Kg7 55. d8=Q Kf7 56. Qd7+ Kf8 57. Kf6 Kg8 58. Qg7# 1-0

[Event "DEM U10 2012"]
[Site "Oberhof GER"]
[Date "2012.06.01"]
[Round "10"]
[White "Wastian, Mareike"]
[Black "Schulze, Nick"]
[Result "0-1"]
[Termination "normal"]
[Board "36"]
[WhiteElo "1174"]
[BlackElo "1072"]
[PlyCount "68"]
[WhiteFideId "12947423"]
[BlackFideId "12971847"]
[EventCountry "GER"]
[EventRounds "11"]
[EventType "swiss"]
[EventDate "2012.05.26"]

1. e4 e5 2. Nf3 Nc6 3. Bb5 Nf6 4. O-O a6 5. Ba4 b5 6. Bb3 Nxe4 7. d4 exd4 8.
Re1 d5 9. Nxd4 Bb7 10. f3 Bc5 11. c3 O-O 12. fxe4 Nxd4 13. cxd4 Bb6 14. Nc3 Re8
15. Bf4 dxe4 16. Be5 Rxe5 17. Kh1 Re8 18. Rf1 Rf8 19. Qh5 Qd7 20. Rae1 Rae8 21.
Rf4 e3 22. Bc2 h6 23. Rg4 Bxd4 24. Qxh6 Be4 25. Bxe4 Rxe4 26. Nxe4 Qxg4 27. Qc6
Qh4 28. Ng3 g6 29. Qxa6 Kg7 30. Qxb5 Rh8 31. h3 Qxg3 32. Qe2 Be5 33. Kg1 Qh2+
34. Kf1 Qh1# 0-1

[Event "DEM U10 2012"]
[Site "Oberhof GER"]
[Date "2012.06.01"]
[Round "10"]
[White "Lindow, Max"]
[Black "Grey, Andrea"]
[Result "1-0"]
[Termination "normal"]
[Board "37"]
[WhiteElo "1128"]
[BlackElo "855"]
[PlyCount "65"]
[WhiteFideId "16211057"]
[BlackFideId "12971880"]
[EventCountry "GER"]
[EventRounds "11"]
[EventType "swiss"]
[EventDate "2012.05.26"]

1. e4 e5 2. Nf3 Nc6 3. d4 exd4 4. Nxd4 Bc5 5. Be3 Nxd4 6. Bxd4 Bb4+ 7. c3 Bf8
8. Bc4 Nf6 9. e5 Ne4 10. h4 Bc5 11. Qf3 Qe7 12. Qxe4 Bxd4 13. Qxd4 b6 14. Nd2
Bb7 15. O-O-O O-O-O 16. Ne4 h6 17. Rhe1 Rhf8 18. f4 Qxh4 19. f5 Qh5 20. Rh1
Qxf5 21. Bd3 Qe6 22. Kb1 Rde8 23. Rhf1 Bxe4 24. Qxe4 c6 25. Ba6+ Kb8 26. Rd6
Qxe5 27. Qxe5 Rxe5 28. Rxd7 Re2 29. Rfxf7 Rxf7 30. Rxf7 Rxg2 31. Rb7+ Ka8 32.
Rc7 Kb8 33. Rc8# 1-0

[Event "DEM U10 2012"]
[Site "Oberhof GER"]
[Date "2012.06.01"]
[Round "10"]
[White "Gazizov, Max"]
[Black "Oganessjan, Artur"]
[Result "0-1"]
[Termination "normal"]
[Board "38"]
[WhiteElo "1009"]
[BlackElo "961"]
[PlyCount "118"]
[WhiteFideId "12951323"]
[BlackFideId "12986062"]
[EventCountry "GER"]
[EventRounds "11"]
[EventType "swiss"]
[EventDate "2012.05.26"]

1. e4 e5 2. d4 exd4 3. Qxd4 Nc6 4. Qe3 d6 5. Nc3 Nf6 6. Bd2 Be7 7. O-O-O O-O 8.
Bd3 d5 9. exd5 Nxd5 10. Nxd5 Qxd5 11. Kb1 Be6 12. b3 Nb4 13. Qe4 Nxd3 14. Qxd3
Qxd3 15. cxd3 Bd5 16. f3 a5 17. Ne2 a4 18. b4 a3 19. Nf4 Be6 20. Rde1 Bf6 21.
Nxe6 fxe6 22. Rxe6 Rfd8 23. Bf4 Rxd3 24. Bxc7 Rc8 25. Rd6 Rc3 26. Bb6 R3c6 27.
Rxc6 Rxc6 28. Bf2 Bb2 29. Rd1 b5 30. Be3 Rc4 31. Bc1 Rxb4 32. Bxb2 Rxb2+ 33.
Ka1 Rxg2 34. Rd8+ Kf7 35. Rd7+ Ke6 36. Rd1 Rxh2 37. Kb1 Rf2 38. Rd3 b4 39. Rb3
Rb2+ 40. Rxb2 axb2 41. Kxb2 Kd5 42. Kb3 Kc5 43. f4 h5 44. a3 bxa3 45. Kxa3 h4
46. Kb3 h3 47. Kc3 h2 48. Kd3 h1=Q 49. f5 Qd5+ 50. Ke3 Qxf5 51. Ke2 Qh3 52. Kd2
Qf3 53. Kc2 Qe3 54. Kb2 Qd3 55. Ka2 Qc3 56. Kb1 Qd2 57. Ka1 Kb4 58. Kb1 Kb3 59.
Ka1 Qa2# 0-1

[Event "DEM U10 2012"]
[Site "Oberhof GER"]
[Date "2012.06.01"]
[Round "10"]
[White "Schumacher, Simon"]
[Black "Pantsernaya, Sofya"]
[Result "1-0"]
[Termination "normal"]
[Board "39"]
[WhiteElo "968"]
[BlackElo "953"]
[PlyCount "71"]
[BlackFideId "12993182"]
[EventCountry "GER"]
[EventRounds "11"]
[EventType "swiss"]
[EventDate "2012.05.26"]

1. e4 d5 2. exd5 Nf6 3. Qf3 Nxd5 4. Bc4 e6 5. Bxd5 exd5 6. Ne2 Be7 7. d3 O-O 8.
Nbc3 d4 9. Nb5 Nc6 10. Qf4 Bd6 11. Nxd6 Qxd6 12. Qxd6 cxd6 13. Bf4 d5 14. O-O
Bg4 15. Ng3 Nb4 16. Rfc1 Rac8 17. Bd6 Nxc2 18. Bxf8 Kxf8 19. Rab1 f5 20. f4 g6
21. b3 h5 22. h3 h4 23. hxg4 hxg3 24. gxf5 gxf5 25. Rb2 Re8 26. Rbxc2 Re3 27.
Rd2 a5 28. Kf1 Re8 29. Re2 Rd8 30. Re5 Kg7 31. Rxf5 Rh8 32. Ke2 Re8+ 33. Re5
Rf8 34. Kf3 Rg8 35. Rg5+ Kh7 36. Rh1# 1-0

[Event "DEM U10 2012"]
[Site "Oberhof GER"]
[Date "2012.06.01"]
[Round "10"]
[White "Finke, Daniel"]
[Black "Schmiederer, Luisa"]
[Result "1/2-1/2"]
[Termination "normal"]
[Board "40"]
[WhiteElo "989"]
[BlackElo "850"]
[PlyCount "46"]
[WhiteFideId "16217675"]
[EventCountry "GER"]
[EventRounds "11"]
[EventType "swiss"]
[EventDate "2012.05.26"]

1. e4 e5 2. Nf3 Nc6 3. Bc4 Nf6 4. d3 h6 5. c3 d5 6. exd5 Nxd5 7. Bb3 Bg4 8. h3
Bh5 9. Bc2 Be7 10. Bd2 Bh4 11. g3 Qf6 12. g4 Bg6 13. Nxh4 Qxh4 14. Na3 Nf4 15.
Bxf4 exf4 16. Qe2+ Ne7 17. O-O Qg5 18. f3 O-O 19. Rae1 Nc6 20. Ba4 Rae8 21. Qf2
Rxe1 22. Qxe1 Bxd3 23. Bxc6 bxc6 1/2-1/2

[Event "DEM U10 2012"]
[Site "Oberhof GER"]
[Date "2012.06.01"]
[Round "10"]
[White "Kobald, Jacqueline"]
[Black "Hartmann, Jasmin"]
[Result "1-0"]
[Termination "normal"]
[Board "41"]
[WhiteElo "926"]
[BlackElo "832"]
[PlyCount "73"]
[WhiteFideId "12988162"]
[BlackFideId "12988898"]
[EventCountry "GER"]
[EventRounds "11"]
[EventType "swiss"]
[EventDate "2012.05.26"]

1. e4 e6 2. d4 b6 3. Nc3 Bb7 4. Nf3 Bb4 5. Bc4 Bxe4 6. O-O Bb7 7. Bd2 Nf6 8. a3
Bxc3 9. Bxc3 d6 10. Qd3 Nbd7 11. Rfe1 O-O 12. Rad1 c5 13. dxc5 Nxc5 14. Qe3 Rc8
15. Bb3 Nxb3 16. cxb3 Nd5 17. Qd3 Nxc3 18. bxc3 Qf6 19. c4 Rfe8 20. Re3 e5 21.
Rde1 e4 22. Qe2 Kf8 23. Kf1 Qe7 24. Nd2 Ba6 25. Nxe4 Qb7 26. Nxd6 Rxe3 27. Qxe3
Qd7 28. Nxc8 Bxc8 29. a4 a5 30. c5 bxc5 31. Qxc5+ Kg8 32. Qd4 Ba6+ 33. Kg1 Qc8
34. Qe3 Kf8 35. Qe7+ Kg8 36. Qe8+ Qxe8 37. Rxe8# 1-0

[Event "DEM U10 2012"]
[Site "Oberhof GER"]
[Date "2012.06.01"]
[Round "10"]
[White "Silber, Fabian"]
[Black "Giss, Alexander"]
[Result "0-1"]
[Termination "normal"]
[Board "42"]
[WhiteElo "838"]
[BlackElo "877"]
[PlyCount "58"]
[WhiteFideId "12947288"]
[BlackFideId "16260414"]
[EventCountry "GER"]
[EventRounds "11"]
[EventType "swiss"]
[EventDate "2012.05.26"]

1. e4 e5 2. Nf3 Nc6 3. Bc4 Bc5 4. d3 h6 5. Nc3 Nf6 6. Nd5 d6 7. h3 O-O 8. Be3
Bb6 9. Qd2 Be6 10. O-O-O Ba5 11. Qe2 b6 12. a3 b5 13. Bxb5 Nb8 14. b4 Bb6 15.
Qd2 c6 16. Bc4 cxd5 17. exd5 Bxd5 18. Bxd5 Nxd5 19. Bxh6 gxh6 20. Qxh6 Bxf2 21.
Ng5 Be3+ 22. Kb2 Bxg5 23. Qh5 Qf6 24. h4 Bf4 25. Rdf1 e4+ 26. Kb3 Qc3+ 27. Ka4
Nb6+ 28. Ka5 Qxa3+ 29. Kb5 Qa4# 0-1

[Event "DEM U10 2012"]
[Site "Oberhof GER"]
[Date "2012.06.01"]
[Round "10"]
[White "Leib, Amina"]
[Black "Kurz, Annika"]
[Result "1/2-1/2"]
[Termination "normal"]
[Board "43"]
[WhiteElo "754"]
[BlackElo "881"]
[PlyCount "43"]
[WhiteFideId "12982970"]
[EventCountry "GER"]
[EventRounds "11"]
[EventType "swiss"]
[EventDate "2012.05.26"]

1. e4 e5 2. Nf3 Nc6 3. Nc3 Nf6 4. Bc4 Bc5 5. d3 d6 6. h3 h6 7. O-O O-O 8. Re1
Re8 9. Be3 Bb6 10. Bxb6 axb6 11. d4 Bd7 12. dxe5 Nxe5 13. Bb5 Ng6 14. Bxd7 Qxd7
15. Qd3 Nf4 16. Qb5 c6 17. Qxb6 Ra6 18. Qb4 c5 19. Qb5 Qc6 20. Qxc6 Rxc6 21.
Nd5 Nxe4 22. Rad1 1/2-1/2

[Event "DEM U10 2012"]
[Site "Oberhof GER"]
[Date "2012.06.01"]
[Round "10"]
[White "Hasenburg, Juliana"]
[Black "Schönweiler, Elisabeth"]
[Result "1/2-1/2"]
[Termination "normal"]
[Board "44"]
[WhiteElo "776"]
[BlackElo "832"]
[PlyCount "40"]
[BlackFideId "12997005"]
[EventCountry "GER"]
[EventRounds "11"]
[EventType "swiss"]
[EventDate "2012.05.26"]

1. e4 e5 2. Nf3 Nc6 3. Bc4 Bc5 4. Nc3 Nf6 5. d3 h6 6. Be3 Bb6 7. Bxb6 axb6 8.
Qd2 d6 9. O-O-O Bg4 10. Bb5 O-O 11. h3 Bxf3 12. gxf3 Nb4 13. Rdg1 Nxa2+ 14.
Nxa2 Rxa2 15. Kd1 Ra1+ 16. Ke2 Rxg1 17. Rxg1 Kh8 18. Qe1 Rg8 19. Qf1 Nh5 20.
Bc4 c6 1/2-1/2

[Event "DEM U10 2012"]
[Site "Oberhof GER"]
[Date "2012.06.02"]
[Round "11"]
[White "Mätzkow, Maximilian Paul"]
[Black "Schilay, Lorenz"]
[Result "1-0"]
[Termination "normal"]
[Board "1"]
[WhiteElo "1685"]
[BlackElo "1494"]
[PlyCount "107"]
[WhiteFideId "24679933"]
[BlackFideId "12930180"]
[EventCountry "GER"]
[EventRounds "11"]
[EventType "swiss"]
[EventDate "2012.05.26"]

1. e4 e5 2. f4 exf4 3. Nf3 d5 4. exd5 Nf6 5. c4 c6 6. dxc6 Nxc6 7. d4 Bb4+ 8.
Bd2 Bxd2+ 9. Qxd2 Qe7+ 10. Be2 Qe3 11. Qxe3+ fxe3 12. O-O O-O 13. Nc3 Bf5 14.
d5 Nb8 15. Nb5 Nbd7 16. Nfd4 Be4 17. Nd6 Ne5 18. N6f5 Bd3 19. Nxe3 Bxe2 20.
Nxe2 Rfe8 21. Nf4 Rac8 22. b3 b6 23. Nf5 Red8 24. Ne7+ Kf8 25. Nxc8 Rxc8 26.
Ne2 b5 27. cxb5 Nxd5 28. Nd4 f6 29. Rae1 Kg8 30. Nf5 Rb8 31. a4 g6 32. Ne3 Nxe3
33. Rxe3 Kg7 34. Rc3 Rb7 35. Rfc1 Nf7 36. Rc7 Rb8 37. Rxa7 Kg8 38. b6 Nd6 39.
Rd1 Rxb6 40. a5 Rc6 41. a6 Ne8 42. Ra8 Kf7 43. a7 Ra6 44. Rd7+ Kf8 45. Rad8
Ra1+ 46. Kf2 Ra2+ 47. Ke3 Ra1 48. a8=Q Rxa8 49. Rxa8 f5 50. Kf4 g5+ 51. Kxg5
h6+ 52. Kf4 h5 53. h4 Kg8 54. Rxe8# 1-0

[Event "DEM U10 2012"]
[Site "Oberhof GER"]
[Date "2012.06.02"]
[Round "11"]
[White "Keymer, Vincent"]
[Black "Mantel, Ruben"]
[Result "0-1"]
[Termination "normal"]
[Board "3"]
[WhiteElo "1721"]
[BlackElo "1539"]
[PlyCount "110"]
[WhiteFideId "12940690"]
[BlackFideId "12930121"]
[EventCountry "GER"]
[EventRounds "11"]
[EventType "swiss"]
[EventDate "2012.05.26"]

1. d4 d5 2. c4 e6 3. Nc3 c6 4. e3 f5 5. Bd2 Nf6 6. Nf3 Bd6 7. c5 Bc7 8. b4 O-O
9. g3 Ne4 10. b5 Qe8 11. a4 Nd7 12. Bd3 e5 13. O-O Nxc3 14. Bxc3 e4 15. Ne1
exd3 16. Nxd3 Nf6 17. bxc6 bxc6 18. Nb4 Ne4 19. Qc2 Ba5 20. Nxd5 Bxc3 21. Nxc3
Nxc3 22. Qxc3 Be6 23. Rab1 Rb8 24. f3 Bd5 25. Kg2 Qe7 26. Qd3 Rb7 27. Rxb7 Qxb7
28. Rb1 Qe7 29. Kf2 Re8 30. a5 Qc7 31. Qc3 Rb8 32. Rb4 Kf7 33. Qb2 Rxb4 34.
Qxb4 Ke7 35. e4 fxe4 36. fxe4 Be6 37. Qc3 Kf8 38. Qb4 Ke8 39. Ke3 Kd8 40. Kf2
Kc8 41. Qd2 Qb7 42. g4 Qb3 43. Qf4 Qc2+ 44. Kg3 Qc3+ 45. Kg2 Qxd4 46. Qf8+ Kd7
47. Qb8 Qxe4+ 48. Kf2 Qd4+ 49. Kg3 Qxg4+ 50. Kf2 Qd4+ 51. Kg3 Qc3+ 52. Kf4 Qd2+
53. Kg3 Qe3+ 54. Kg2 Bh3+ 55. Kh1 Qe1# 0-1

[Event "DEM U10 2012"]
[Site "Oberhof GER"]
[Date "2012.06.02"]
[Round "11"]
[White "Rößler, Lukas"]
[Black "Tong, Kevin"]
[Result "1/2-1/2"]
[Termination "normal"]
[Board "4"]
[WhiteElo "1515"]
[BlackElo "1612"]
[PlyCount "97"]
[WhiteFideId "12938718"]
[BlackFideId "12913944"]
[EventCountry "GER"]
[EventRounds "11"]
[EventType "swiss"]
[EventDate "2012.05.26"]

1. e4 c5 2. Nf3 g6 3. d4 cxd4 4. Nxd4 Nf6 5. Nc3 Nc6 6. Be3 Bg7 7. Bc4 O-O 8.
Bb3 a5 9. f3 d5 10. Nxd5 Nxd5 11. Bxd5 Nxd4 12. Bxd4 Bxd4 13. Qxd4 e6 14. c4
exd5 15. cxd5 Re8 16. Kf2 Qd6 17. a3 f5 18. g3 fxe4 19. fxe4 Bd7 20. Rac1 Rf8+
21. Kg2 Rae8 22. Rhe1 Re5 23. Re3 Rfe8 24. Rce1 Rc8 25. h3 Rc2+ 26. R3e2 Rxe2+
27. Rxe2 Qe7 28. g4 Bb5 29. Re1 h5 30. Kf3 hxg4+ 31. hxg4 Qf6+ 32. Kg3 g5 33.
Qd2 Re7 34. d6 Rf7 35. Qe3 Qxd6+ 36. e5 Qd3 37. Qxd3 Bxd3 38. e6 Re7 39. Re5
Kg7 40. Rxg5+ Kf6 41. Rxa5 Rxe6 42. Ra4 b5 43. Rb4 Re4 44. Rxe4 Bxe4 45. Kf4
Bd3 46. Ke3 Bf1 47. b3 Kg5 48. a4 bxa4 49. bxa4 1/2-1/2

[Event "DEM U10 2012"]
[Site "Oberhof GER"]
[Date "2012.06.02"]
[Round "11"]
[White "Biastoch, Bennet"]
[Black "Wong, Gengchun"]
[Result "1/2-1/2"]
[Termination "normal"]
[Board "5"]
[WhiteElo "1488"]
[BlackElo "1511"]
[PlyCount "89"]
[WhiteFideId "12939889"]
[BlackFideId "12963283"]
[EventCountry "GER"]
[EventRounds "11"]
[EventType "swiss"]
[EventDate "2012.05.26"]

1. e4 c5 2. Nf3 d6 3. d4 cxd4 4. Nxd4 Nf6 5. Nc3 a6 6. Be3 e6 7. g4 e5 8. Nf5
h5 9. g5 Nxe4 10. Nxe4 Bxf5 11. Nc3 Be7 12. Nd5 Nd7 13. h4 Rc8 14. c3 g6 15.
Qe2 b5 16. Bg2 Nc5 17. Rd1 O-O 18. O-O Re8 19. Rfe1 Nd7 20. Qd2 Bf8 21. Re2 Kg7
22. Rde1 Be6 23. f4 Bg4 24. Rf2 Bf5 25. Rfe2 exf4 26. Nxf4 Ne5 27. Bd4 Qc7 28.
Nd5 Qb8 29. Nf6 Re7 30. Nd5 Re6 31. Nb6 Rd8 32. Bd5 Re7 33. Bg2 Kh8 34. Nd5 Re6
35. Nf4 Ree8 36. Bc6 Re7 37. Nd5 Re6 38. Nf4 Re7 39. Nd5 Re6 40. Nf4 Re7 41.
Nd5 Re6 42. Nf4 Re7 43. Nd5 Re6 44. Nf4 Re7 45. Nd5 1/2-1/2

[Event "DEM U10 2012"]
[Site "Oberhof GER"]
[Date "2012.06.02"]
[Round "11"]
[White "Engel, Luis"]
[Black "Graf, Justus Felix"]
[Result "1-0"]
[Termination "normal"]
[Board "6"]
[WhiteElo "1463"]
[BlackElo "1507"]
[PlyCount "135"]
[WhiteFideId "12961523"]
[BlackFideId "12929212"]
[EventCountry "GER"]
[EventRounds "11"]
[EventType "swiss"]
[EventDate "2012.05.26"]

1. e4 c6 2. d4 d5 3. Nc3 dxe4 4. Nxe4 Bf5 5. Ng3 Bg6 6. Nf3 Nd7 7. Be2 Ngf6 8.
O-O e6 9. c3 Be7 10. Be3 O-O 11. Bd3 Bxd3 12. Qxd3 Nd5 13. Bd2 c5 14. Rfe1 cxd4
15. Nxd4 Bc5 16. Rad1 a5 17. a3 Qb6 18. b4 axb4 19. axb4 Bxd4 20. Qxd4 Qxd4 21.
cxd4 Ra4 22. Rb1 Rc8 23. Rec1 Rc6 24. Rxc6 bxc6 25. Rc1 Ra6 26. Ne4 Kf8 27. Nc5
Nxc5 28. bxc5 Ra4 29. Be3 Ra3 30. Re1 Nb4 31. Rc1 f5 32. g3 h6 33. h4 Kf7 34.
Kg2 Kf6 35. h5 g5 36. hxg6 Kxg6 37. Kf3 Nd5 38. Rh1 h5 39. Ke2 Nc3+ 40. Kf3 Nd5
41. Ke2 Nxe3 42. fxe3 Ra2+ 43. Kf3 Kg5 44. Rb1 Ra8 45. Rb6 Rc8 46. Rb7 Kg6 47.
Kf4 Kf6 48. Rh7 Kg6 49. Re7 Kf6 50. Rb7 Ra8 51. Rc7 Ra2 52. Kf3 Ra6 53. Rb7 Ra8
54. Rh7 Kg6 55. Rc7 Ra6 56. Rc8 Kg7 57. Rc7+ Kf6 58. Rb7 Ra8 59. Rb6 Rc8 60.
Kf4 Rc7 61. Ra6 Rc8 62. Ra7 Rb8 63. Rc7 Rb2 64. Kf3 Rb8 65. Rxc6 Ke7 66. Kf4
Kd7 67. Rd6+ Ke7 68. Ke5 1-0

[Event "DEM U10 2012"]
[Site "Oberhof GER"]
[Date "2012.06.02"]
[Round "11"]
[White "ter Stal, Sven"]
[Black "Schneider, Jana"]
[Result "1-0"]
[Termination "normal"]
[Board "7"]
[WhiteElo "1498"]
[BlackElo "1462"]
[PlyCount "27"]
[WhiteFideId "12946443"]
[BlackFideId "12924997"]
[EventCountry "GER"]
[EventRounds "11"]
[EventType "swiss"]
[EventDate "2012.05.26"]

1. e4 e5 2. Nc3 Nc6 3. Bc4 Bc5 4. Qg4 Qf6 5. Nd5 Qxf2+ 6. Kd1 d6 7. Qxg7 Nd4 8.
Nh3 Bxh3 9. Rf1 Qxg2 10. Qxf7+ Kd8 11. Qf8+ Kd7 12. Rf7+ Ne7 13. Qxe7+ Kc6 14.
Qxc7# 1-0

[Event "DEM U10 2012"]
[Site "Oberhof GER"]
[Date "2012.06.02"]
[Round "11"]
[White "Wierzbicki, Jirawat"]
[Black "Shoipov, Dennie"]
[Result "1-0"]
[Termination "normal"]
[Board "8"]
[WhiteElo "1541"]
[BlackElo "1447"]
[PlyCount "101"]
[WhiteFideId "1153579"]
[BlackFideId "14137755"]
[EventCountry "GER"]
[EventRounds "11"]
[EventType "swiss"]
[EventDate "2012.05.26"]

1. e4 e5 2. Nf3 Nc6 3. d4 exd4 4. Nxd4 Bc5 5. Nb3 Bb6 6. Nc3 d6 7. Qe2 Be6 8.
Be3 Qd7 9. f3 O-O-O 10. O-O-O Qe7 11. Bxb6 axb6 12. Nd4 Bd7 13. Nd5 Qe5 14. Nb5
Kb8 15. Nbxc7 Qg5+ 16. f4 Qh6 17. Kb1 Nge7 18. Qf2 Nc8 19. Nb5 Rhe8 20. Nxb6
Rxe4 21. Nxc8 Bxc8 22. g3 Bg4 23. Rc1 Qf6 24. h3 Bf5 25. a3 h5 26. Bg2 Re7 27.
Qb6 Be4 28. Bxe4 Rxe4 29. Qc7+ Ka8 30. Rhd1 Re6 31. Qb6 Re7 32. Nc7+ Rxc7 33.
Qxc7 d5 34. Qb6 Rd6 35. Qc5 Qd8 36. c4 d4 37. Qxh5 Qe7 38. Re1 Qd7 39. Qh8+ Ka7
40. Re8 Re6 41. Ra8+ Kb6 42. c5+ Kc7 43. Qxg7 d3 44. Qc3 d2 45. Rd1 Re1 46.
Rxe1 d1=Q+ 47. Rxd1 Qxd1+ 48. Ka2 Qd5+ 49. Qb3 Qxc5 50. Qxf7+ Kb6 51. g4 1-0

[Event "DEM U10 2012"]
[Site "Oberhof GER"]
[Date "2012.06.02"]
[Round "11"]
[White "Arnold, Leander"]
[Black "Niemann, Alexander"]
[Result "0-1"]
[Termination "normal"]
[Board "9"]
[WhiteElo "1221"]
[BlackElo "1403"]
[PlyCount "88"]
[WhiteFideId "12990230"]
[BlackFideId "12939862"]
[EventCountry "GER"]
[EventRounds "11"]
[EventType "swiss"]
[EventDate "2012.05.26"]

1. d4 c5 2. dxc5 e6 3. Nf3 Bxc5 4. Bf4 Qb6 5. e3 Nf6 6. b3 O-O 7. Bd3 d5 8. O-O
Nc6 9. Nc3 Qa5 10. Ne2 Nb4 11. c3 Nxd3 12. Qxd3 Qb6 13. b4 Bd6 14. Bxd6 Qxd6
15. Qd4 Ne4 16. a3 Qc6 17. Nd2 Nxd2 18. Qxd2 e5 19. Rfd1 Be6 20. Qb2 b5 21. h3
a6 22. Ng3 f6 23. Rac1 Qc4 24. Qc2 a5 25. Ra1 Rfc8 26. Rdc1 axb4 27. axb4 Rxa1
28. Rxa1 Bf7 29. Nf5 Qxc3 30. Qa2 d4 31. Qa6 Rd8 32. Qxb5 d3 33. Qa4 d2 34. Kh2
Qc1 35. Nd6 h6 36. Nxf7 Kxf7 37. Qb3+ Kg6 38. Ra7 d1=Q 39. Qf7+ Kf5 40. g4+ Ke4
41. Qg6+ Kf3 42. Qf5+ Ke2 43. Ra2+ Rd2 44. Ra8 Qg1# 0-1

[Event "DEM U10 2012"]
[Site "Oberhof GER"]
[Date "2012.06.02"]
[Round "11"]
[White "Shen, Julian"]
[Black "Hofele, Mathis"]
[Result "1/2-1/2"]
[Termination "normal"]
[Board "10"]
[WhiteElo "1383"]
[BlackElo "1273"]
[PlyCount "40"]
[WhiteFideId "12942898"]
[BlackFideId "12963844"]
[EventCountry "GER"]
[EventRounds "11"]
[EventType "swiss"]
[EventDate "2012.05.26"]

1. e4 e5 2. Bc4 Nf6 3. Nf3 Nc6 4. d4 exd4 5. O-O Bc5 6. Re1 O-O 7. Bg5 d6 8.
Nbd2 Ne5 9. Be2 h6 10. Bh4 Ng6 11. Bxf6 Qxf6 12. Nb3 Bb4 13. Rf1 d3 14. Qxd3
Qxb2 15. Qc4 Qc3 16. Qxc3 Bxc3 17. Rad1 Nf4 18. Bd3 Bg4 19. Rb1 Bxf3 20. gxf3
Nh3+ 1/2-1/2

[Event "DEM U10 2012"]
[Site "Oberhof GER"]
[Date "2012.06.02"]
[Round "11"]
[White "Dobrikov, Marco"]
[Black "Roth, Jakob"]
[Result "0-1"]
[Termination "normal"]
[Board "11"]
[WhiteElo "1217"]
[BlackElo "1367"]
[PlyCount "82"]
[WhiteFideId "12950378"]
[BlackFideId "12952605"]
[EventCountry "GER"]
[EventRounds "11"]
[EventType "swiss"]
[EventDate "2012.05.26"]

1. e4 c6 2. Nc3 d5 3. Nf3 dxe4 4. Nxe4 Nd7 5. d4 Ngf6 6. Bd3 Nxe4 7. Bxe4 Nf6
8. Bd3 Bg4 9. c3 e6 10. h3 Bh5 11. Bd2 c5 12. Qa4+ Nd7 13. Ne5 a6 14. Nxd7 Qxd7
15. Bb5 Qxb5 16. Qxb5+ axb5 17. Be3 b6 18. f3 Bd6 19. Kf2 O-O 20. h4 h6 21. g4
Bg6 22. g5 h5 23. Rhd1 Rfd8 24. f4 b4 25. cxb4 cxb4 26. d5 Bc5 27. Bxc5 bxc5
28. dxe6 fxe6 29. Re1 Bf5 30. Re5 Rd2+ 31. Re2 Rxe2+ 32. Kxe2 c4 33. Ke3 c3 34.
b3 c2 35. Ke2 Rd8 36. Ke1 Bg4 37. Rc1 Rd1+ 38. Rxd1 cxd1=Q+ 39. Kf2 Qf3+ 40.
Kg1 Bh3 41. a3 Qg2# 0-1

[Event "DEM U10 2012"]
[Site "Oberhof GER"]
[Date "2012.06.02"]
[Round "11"]
[White "Roseneck, Jonas"]
[Black "Pfreundt, Mathis"]
[Result "1-0"]
[Termination "normal"]
[Board "12"]
[WhiteElo "1342"]
[BlackElo "1035"]
[PlyCount "157"]
[WhiteFideId "12939870"]
[BlackFideId "12967092"]
[EventCountry "GER"]
[EventRounds "11"]
[EventType "swiss"]
[EventDate "2012.05.26"]

1. e4 d5 2. exd5 Nf6 3. c4 e6 4. dxe6 Bxe6 5. d4 Bb4+ 6. Bd2 Bxd2+ 7. Qxd2 Qe7
8. Qe2 Qb4+ 9. Nc3 O-O 10. d5 Bxd5 11. O-O-O Bc6 12. Nf3 Na6 13. Qc2 h6 14. Bd3
Nc5 15. Rhg1 Na4 16. Nxa4 Bxa4 17. b3 Bc6 18. Ne5 a5 19. Kb2 a4 20. a3 Qxb3+
21. Qxb3 axb3 22. Nxc6 bxc6 23. Kxb3 Rfb8+ 24. Ka2 Rb6 25. Rb1 Rba6 26. Rb3 Nd7
27. Rgb1 g6 28. Be4 Nc5 29. Rb8+ Rxb8 30. Rxb8+ Kg7 31. Bc2 Rb6 32. Ra8 h5 33.
Ra7 Rb7 34. Rxb7 Nxb7 35. Kb3 Kf6 36. Kb4 Ke6 37. a4 Kd7 38. c5 Kc8 39. f3 g5
40. g3 h4 41. f4 f6 42. fxg5 fxg5 43. gxh4 gxh4 44. a5 Kb8 45. a6 Nd8 46. Bb3
Ka8 47. Bc4 Kb8 48. Kc3 Ka7 49. Kd4 Ne6+ 50. Bxe6 Kxa6 51. Bd7 Kb5 52. h3 Kb4
53. Bxc6 Ka5 54. Bd7 Ka6 55. c6 Kb6 56. Ke4 Kc5 57. Kf4 Kd5 58. Kg4 Ke5 59.
Kxh4 Kf6 60. Kg4 Kf7 61. Kg5 Ke7 62. Kg6 Kf8 63. Kf6 Kg8 64. Ke7 Kg7 65. Kd8
Kf7 66. Kxc7 Ke7 67. Kb8 Kd8 68. c7+ Kxd7 69. c8=Q+ Kd6 70. Kb7 Kd5 71. Kb6 Ke5
72. Qd7 Kf6 73. Qe8 Kf5 74. Kc5 Kf6 75. Kd6 Kg5 76. Qf7 Kh4 77. Qg6 Kxh3 78.
Ke5 Kh4 79. Kf4 1-0